Normal view
MARC view
- صناعة السياحة-السياحة-الاماكن السياحية -البلدان العربية
Entry Topical Term
001 - CONTROL NUMBER
- control field: 28913
003 - CONTROL NUMBER IDENTIFIER
- control field: JO-AjAnu
005 - DATE AND TIME OF LATEST TRANSACTION
- control field: 20230606074908.0
008 - FIXED-LENGTH DATA ELEMENTS
- fixed length control field: 230606|| aca||aabn | a|a d
040 ## - CATALOGING SOURCE
- Original cataloging agency: JO-AjAnu
- Transcribing agency: JO-AjAnu
150 ## - HEADING--TOPICAL TERM
- Topical term or geographic name entry element: صناعة السياحة-السياحة-الاماكن السياحية -البلدان العربية
670 ## - SOURCE DATA FOUND
- Source citation: Work cat.: (JO-AjAnu)14842: بظاظو، إبراهيم, author 28912, الجغرافيا السياحية: تطبيقلت على الوطن العربي